Statystyki dla Twardości minerałów i skał

Kliknij tutaj aby rozwiązać quiz!

Ogólne statystyki

  • Ten quiz został rozwiązany 17 razy
  • Średni wynik to 9 z 10

Statystyki odpowiedzi

MinerałTwardość% Poprawnych
Kalcyt3
94%
Piryt6
94%
Marmur6
94%
Kwarc7
94%
Granit7
94%
Bazalt8
94%
Pumeks6
88%
Kwarcyt7
88%
Diament10
81%
Złoto2,5
31%

Rozkład punktacji

Percentyl według liczby udzielonych odpowiedzi

Procent ludzi z każdym wynikiem

Twoja historia wyników

Nie rozwiązałeś tego quizu